| 000 | 00479nam a2200193Ia 4500 | ||
|---|---|---|---|
| 005 | 20240528045519.0 | ||
| 008 | 240331s9999 xx 000 0 und d | ||
| 020 | _a0853457174 | ||
| 082 |
_bDEV _a338.9 |
||
| 100 | _aSen. Gita | ||
| 100 | _aGrown, Caren | ||
| 245 | 0 | _aDevelopmentrises, and alternative visions | |
| 260 |
_aNew York _bMonthly Review Press _c1987 |
||
| 300 | _a116 p .,Women | ||
| 650 | _aEconomic | ||
| 650 | _aPolitical | ||
| 650 | _aCultural | ||
| 942 | _cL | ||
| 999 |
_c2852 _d2852 |
||